00726nam a22002057a 450000500170000001000180001702000350003502000340007003500170010403700130012108200080013410000170014224500550015925000120021426000500022627000660027630000360034250000220037850501200040020180827104504.0 aENG-123764-65 a9780230332751 (Vol.1)c325.00 a9780230332677 (Vol.2)c345.00 aEN-107296-97 bDBAD/PUB a541 aKapoor, K.L. aA textbook of physical chemistry /cby K.L. Kapoor a4th ed. aGurgaon (Haryana)bMacmillan Publishersc2012 a3A, 5th Floor, DLF Corporate Park,bGurgaon (Haryana)e122002 a2 vol.(508p.; 470p.)c26cm(pbk) aIt includes index aVol.1 - states of matter and ions in solution (SI units) Vol-2 - Thermodynamics and chemical equilibrium (Sl units)